Informe sobre las especies exóticas en Venezuela / (Registro nro. 3155)

Detalles MARC
000 -CABECERA
Campo de control 00978cam a2200241 i 4500
005 - FECHA Y HORA DE LA ULTIMA TRANSACCION
Campo de control 20180724081122.0
008 - ELEMENTOS DE LONGITUD FIJA—INFORMACION GENERAL
Campo de control 030201s2001 ve ab b f000 0 spa d
020 ## - ISBN
ISBN 9800412549
040 ## - FUENTE DE CATALOGACIÓN
Agencia catalogadora original AGL
Agencia transcriptora AGL
Agencia Modificadora NNC
-- DLC
-- CO-BoIAVH
041 ## - IDIOMA
Código de idioma para texto/pista de sonido o título separado Español
044 ## - PAÍS DE PUBLICACIÓN
País de publicación Venezuela
082 04 - NUMERO DE CLASIFICACION DECIMAL DEWEY
Número de clasificación 333.9523
Número del ítem I43i
245 00 - MENCION DE TITULO
Título Informe sobre las especies exóticas en Venezuela /
Mención de responsabilidad editores, Juhani Ojasti y [otros tres editores]
260 ## - PUBLICACION, DISTRIBUCION, ETC. (PIE DE IMPRENTA)
Lugar de publicación, distribución, etc. Caracas, Venezuela :
Nombre del editor, distribuidor, etc. Ministerio del Ambiente y de los Recursos Naturales,
Fecha de publicación, distribución, etc. [2001].
300 ## - DESCRIPCION FISICA
Extensión 205 páginas :
Otros detalles físicos ilustraciones y mapas ;
Dimensiones 28 cm.
500 ## - NOTA GENERAL
Nota general A la cabeza del título: Oficina Nacional de Diversidad Biológica.
650 14 - ASIENTO SECUNDARIO DE MATERIA - TERMINO TEMATICO
Término temático o nombre geográfico como elemento de entrada Organismos naturalizados
Subdivisión geográfica Venezuela.
9 (RLIN) 91875
650 24 - ASIENTO SECUNDARIO DE MATERIA - TERMINO TEMATICO
Término temático o nombre geográfico como elemento de entrada Plagas anturalizadas
Subdivisión geográfica Venezuela.
9 (RLIN) 91876
650 26 - ASIENTO SECUNDARIO DE MATERIA - TERMINO TEMATICO
Término temático o nombre geográfico como elemento de entrada Especies introducidas
Subdivisión geográfica Venezuela
Subdivisión de forma Informes
9 (RLIN) 91877
700 1# - ASIENTO SECUNDARIO - NOMBRE PERSONAL
Nombre personal Ojasti, Juhani,
Término de relación editor.
9 (RLIN) 14917
710 1# - ASIENTO SECUNDARIO - NOMBRE CORPORATIVO
Nombre corporativo o de jurisdicción como elemento de entrada Venezuela.
Unidad subordinada Oficina Nacional de Diversidad Biológica.
9 (RLIN) 91878
942 ## - ELEMENTOS ADICIONALES (KOHA)
Sistema de clasificación Dewey Decimal Classification
Tipo de ítem Libro
Existencias
Withdrawn status Lost status Sistema de Clasificación Damaged status No para préstamo Colección Inventariado Ubicación Permanente Ubicación actual Fecha de adquisición Fuente de Valor Valor Total Checkouts Número topográfico Inventario / Código de Barras Date last seen Ejemplar Price effective from Tipo de material Forma de adquisición
    Dewey Decimal Classification     General Inventariado 2017 Bogotá Bogotá 21/03/2003 Instituto 39000.00   LB-333.9523 I43i 003776 04/12/2012 Ej. 1 04/12/2012 Libro  
    Dewey Decimal Classification     General Inventariado 2018 Sala Fabio Quevedo Sala Fabio Quevedo 24/07/2018   39000.00   LB-333.9523 I43i 030241 24/07/2018 Ej. 2 24/07/2018 Libro Donación